000 00596nam a2200217 4500
003 OSt
005 20260424030837.0
006 a
008 240717b |||||||| |||| 00| 0 eng d
020 _a0131857142
040 _aDWCL-Main lib.
_cOC
082 _aCirc. 518 H249m 2005
100 _aLittlefield, Bruce
245 _aMastering MATLAB /
260 _aN. J. :
_bPearson Education, Inc.,
_cc2005.
300 _axi,
_b852 p. : ill. ;
_c24 cm.
504 _aIncludes index.
650 _a1. Numerical analysis-Data processing.
650 _a2. MATLAB.
942 _2ddc
_n0
_cBK-CIRC
_kCirc.
999 _c2309
_d2309